| 000 | 00898nam a2200229Ia 4500 | ||
|---|---|---|---|
| 003 | OSt | ||
| 005 | 20241104103439.0 | ||
| 008 | 210719s1978 xx 000 0 und d | ||
| 040 | _cAL | ||
| 041 | _aKannada | ||
| 082 | _a294.56K PRAA | ||
| 100 |
_aPRABHAKAR (S) & VAJRAKUMAR (N) _d ಪ್ರಭಾಕರ್ (ಎಸ್) ವಜ್ರಕುಮಾರ್ (ಎನ್) _9168462 |
||
| 245 |
_aArohana _b ಆರೋಹಣ |
||
| 260 |
_aDharmasthala. _bPattabhisheka Dashamanotsava Samiti., _c1978 |
||
| 300 |
_a- _bPB |
||
| 365 | _cRs | ||
| 520 | _aಶ್ರೀ ಧರ್ಮಸ್ಥಳ ವೀರೇಂದ್ರ ಹೆಗ್ಗಡೆ (Veerendra Heggade) ಯವರ ಪಟ್ಟಾಭಿಷೇಕ ದಶಮಾನೋತ್ಸವ ಅಭಿನಂದನ ಗ್ರಂಥ 24 October 1978. | ||
| 650 |
_aHinduism _9168463 |
||
| 650 |
_aFelicitation Volume _9183928 |
||
| 906 | _aArohana | ||
| 942 |
_2ddc _cBK |
||
| 999 |
_c213113 _d213113 |
||